000 01967nam a2200301Ia 4500
999 _c55947
_d55947
001 23046
003 GE_BSU
005 20230629165839.0
008 181216s1959||||ge |||||||||||||| ||geo||
040 _cGE_BSU
041 _ageo
080 _a821.133.1-31 ბ-21
100 _aბალზაკი, ონორე დე, 1799-1850
_916126
245 _aვენდეტა ; პიერ გრასუ ; წითელი სასტუმრო ; უცხო შედევრი ; ეჟენი გრანდე ; მამა გორიო /
_cონორე დე ბალზაკი ; მთარგმნ. : თ. ქიქოძე, რ. დოდაშვილი, ბ. თევზაძე, თ. ქიქოძე, ა. ცაგარელი და კ. ჯავრიშვილი ; გ. გაჩეჩილაძის შესავალი წერილით.
264 _aთბილისი :
_bსაბჭ. მწერალი,
_c1959.
300 _a697 გვ. ;
_c21 სმ.
500 _aდანართი : შენიშვნები გვ. 687-96
541 _h2ლ.
653 _aვენდეტა ; პიერ გრასუ ; წითელი სასტუმრო ; უცხო შედევრი ; ეჟენი გრანდე ; მამა გორიო
653 _aმხატვრული ლიტერატურა
700 _aქიქოძე, თ.
_eმთარგმნელი
_919082
700 _aდოდაშვილი, რ.
_eმთარგმნელი
_916227
700 _aთევზაძე, რ.
_eმთარგმნელი
_919083
700 _aქიქოძე, თ.
_eმთარგმნელი
_919082
700 _aცაგარელი, ა.
_eმთარგმნელი
_919084
700 _aჯავრიშვილი, კ.
_eმთარგმნელი
_91980
942 _cBK
_2udc